Procedures for primary care physicians (Record no. 32520)
[ view plain ]
| 000 -LEADER | |
|---|---|
| fixed length control field | 00777nam a2200193 a 4500 |
| 008 - FIXED-LENGTH DATA ELEMENTS--GENERAL INFORMATION | |
| fixed length control field | 110915s1994 ||||||||||||||||| || u |
| 020 ## - INTERNATIONAL STANDARD BOOK NUMBER | |
| International Standard Book Number | 0801663849 |
| 050 ## - LIBRARY OF CONGRESS CALL NUMBER | |
| Classification number | RC 48 Pro |
| 100 ## - MAIN ENTRY--PERSONAL NAME | |
| Personal name | Pfenninger, John. L |
| 245 10 - TITLE STATEMENT | |
| Title | Procedures for primary care physicians |
| Statement of responsibility, etc. | edited by John L. Pfenninger and Grant C. Fowler; illustrated by Theodore G. Huff and Associates |
| 260 ## - PUBLICATION, DISTRIBUTION, ETC. | |
| Place of publication, distribution, etc. | St. Louis, Missouri |
| Name of publisher, distributor, etc. | Mosby |
| Date of publication, distribution, etc. | 1994 |
| 300 ## - PHYSICAL DESCRIPTION | |
| Extent | xxx, 1170p.: ill. |
| 350 ## - | |
| -- | 0.00 |
| 650 ## - SUBJECT ADDED ENTRY--TOPICAL TERM | |
| Topical term or geographic name entry element | PRIMARY CARE (MEDICINE) |
| 650 ## - SUBJECT ADDED ENTRY--TOPICAL TERM | |
| Topical term or geographic name entry element | SURGERY, MINOR |
| 650 ## - SUBJECT ADDED ENTRY--TOPICAL TERM | |
| Topical term or geographic name entry element | MEDICINE |
| 700 ## - ADDED ENTRY--PERSONAL NAME | |
| Personal name | Fowler, Grant. C |
| 995 ## - | |
| -- | MEDICAL LIBRARY OPEN ACCESS |
| -- | 0.00 |
| -- | 901076 |
| -- | CBU-SCHOOL OF MEDICINE LIBRARY (Ndola) |
| -- | 1 |
| -- | 0.00 |
| -- | RC 48 Pro |
| -- | 1 |
| -- | AVAILABLE |
| -- | Oct 21, 2011 |
| -- | 901076 |
| -- | Medical Library Open Access Collection |
| 999 ## - | |
| -- | 32520 |
| -- | 32520 |
| Withdrawn status | Lost status | Source of classification or shelving scheme | Damaged status | Not for loan | Permanent Location | Current Location | Shelving location | Date acquired | Total Checkouts | Full call number | Barcode | Date last seen | Price effective from | Koha item type |
|---|---|---|---|---|---|---|---|---|---|---|---|---|---|---|
| CBU-SCHOOL OF MEDICINE LIBRARY, NDOLA. | CBU-SCHOOL OF MEDICINE LIBRARY, NDOLA. | 11/30/2022 | RC 48 Pro | 901076 | 11/30/2022 | 11/30/2022 | MONOGRAPH |